|
|
|
|
| LEADER |
00674nam a22001817a 4500 |
| 008 |
180423b xxu||||| |||| 00| 0 eng d |
| 999 |
|
|
|c 22376
|d 22376
|
| 020 |
|
|
|a 9780205731220
|
| 082 |
|
|
|a 808.042
|b DOR
|
| 100 |
|
|
|a Dornan, Edward A.
|
| 245 |
|
|
|a Four in one :
|b Rhetoric, reader, research guide, and handbook /
|c Edward A. Dornan and Robert Dees
|
| 250 |
|
|
|a 5th ed.
|
| 260 |
|
|
|c 2011.
|a New York :
|b Longman,
|
| 300 |
|
|
|a 679p.
|
| 650 |
|
|
|a Critical and Creative thinking
|
| 700 |
|
|
|a Dees, Robert
|
| 942 |
|
|
|2 ddc
|c BK
|
| 952 |
|
|
|0 0
|1 0
|2 ddc
|4 0
|6 808_042000000000000_DOR
|7 0
|9 30956
|a MAIN
|b MAIN
|d 2018-04-23
|e Mathrubhumi Books
|g 9363.00
|o 808.042 DOR
|p 31696
|r 2018-04-23
|t 1
|w 2018-04-23
|y BK
|